|
|
|
|
| LEADER |
00000ny a22000003n 4500 |
| 005 |
20110516103146.0 |
| 008 |
040210c20049999maumr p s 0 a0eng c |
| 022 |
0 |
|
|a 1549-957X
|
| 035 |
|
|
|a 5150
|
| 040 |
|
|
|a MnMULS
|d vLex
|
| 050 |
0 |
0 |
|a KF1446.A15
|b C64
|
| 050 |
0 |
0 |
|a KF1446.A15
|b C64
|
| 082 |
1 |
0 |
|a 346
|2 13
|
| 090 |
|
|
|c 1922
|d 1922
|
| 245 |
3 |
0 |
|a Compliance week
|h [Recurso electrn̤ico]
|
| 256 |
|
|
|a Servicio en ln̕ea
|
| 260 |
|
|
|a Newton, Mass. :
|b Financial Media Holdings Group, Inc.,
|
| 310 |
|
|
|a Mensual
|
| 506 |
1 |
|
|a Contenido solo disponible en los productos indicados
|d vLex Global
|d vLex Global (Academic Edition, excluding Law Schools)
|d vLex Global (U.S. Academic Edition, excluding Law Schools)
|
| 740 |
|
|
|a vLex Revista (Servicios en ln̕ea)
|
| 843 |
|
|
|a Electrn̤ica. Abierta
|
| 853 |
|
|
|8 1
|i (year)
|j (month)
|k (day)
|
| 856 |
4 |
0 |
|z Acceso restringido
|u http://vlex.com/account/login_ip?fuente_id=5150
|
| 942 |
|
|
|c REV
|
| 999 |
|
0 |
|a Corporate governance
|z United States
|v Periodicals
|
| 999 |
|
0 |
|a Corporations
|z United States
|v Periodicals
|
| 999 |
|
0 |
|a Disclosure of information
|z United States
|v Periodicals
|
| 999 |
|
0 |
|a Financial statements
|z United States
|v Periodicals
|
| 999 |
|
0 |
|a Securities fraud
|z United States
|v Periodicals
|